| 000 | 00674nam a2200229Ia 4500 | ||
|---|---|---|---|
| 005 | 20230809144928.0 | ||
| 008 | 131103s9999 xx 000 0 und d | ||
| 020 |
_a81-7022-980-4 _cRs.995 |
||
| 040 | _aLoreto College | ||
| 041 | _aEnglish | ||
| 082 |
_a910 _bKAP |
||
| 100 | _aKapur, Anu | ||
| 245 |
_aIndian Geography _b voice of concern _cAnu Kapur. National Association of Geographers, India |
||
| 260 |
_aDelhi _bConcept Publishing Company _c2002 |
||
| 300 | _axix,438p, illus. 24cm. | ||
| 504 | _aIncludes bibliography | ||
| 650 | _aGeographers-India | ||
| 651 | _aGeographical Associations | ||
| 700 | _aKapur, Anu auth. | ||
| 850 | _aLCLIB | ||
| 942 | _cBK | ||
| 999 |
_c2041 _d52520 |
||